IMMUNISATION CONTROVERSIES : (Record no. 23994)

MARC details
000 -LEADER
fixed length control field 00834nam a2200265#a 4500
001 - CONTROL NUMBER
control field 02435
003 - CONTROL NUMBER IDENTIFIER
control field HDC
007 - PHYSICAL DESCRIPTION FIXED FIELD--GENERAL INFORMATION
fixed length control field ta
008 - FIXED-LENGTH DATA ELEMENTS--GENERAL INFORMATION
fixed length control field 230623s2015 xx 000 0 eng d
040 ## - CATALOGING SOURCE
Original cataloging agency HDC
050 ## - LIBRARY OF CONGRESS CALL NUMBER
Classification number QW805
Item number .I46 2015
245 #0 - TITLE STATEMENT
Title IMMUNISATION CONTROVERSIES :
Remainder of title What You Really Need to Know /
Statement of responsibility, etc. edited by Dato' Dr Musa Mohd Nordin, Dr Siti Aisyah Ismail and Chan Li Jin @ Ahaddaniah
264 ## - PRODUCTION, PUBLICATION, DISTRIBUTION, MANUFACTURE, AND COPYRIGHT NOTICE
Place of production, publication, distribution, manufacture Malaysia :
Name of producer, publisher, distributor, manufacturer Brightside Solutions Sdn Bhd,
Date of production, publication, distribution, manufacture, or copyright notice 2015
300 ## - PHYSICAL DESCRIPTION
Extent 217 pages :
Other physical details illustration ;
Dimensions 20 cm.
650 ## - SUBJECT ADDED ENTRY--TOPICAL TERM
Topical term or geographic name entry element Immunization.
650 ## - SUBJECT ADDED ENTRY--TOPICAL TERM
Topical term or geographic name entry element Vaccine.
700 ## - ADDED ENTRY--PERSONAL NAME
Personal name Siti Aisyah Ismail,
Titles and other words associated with a name Dr,
Relator term editor.
700 ## - ADDED ENTRY--PERSONAL NAME
Personal name Siti Aisyah Ismail,
Titles and other words associated with a name Dr,
Relator term editor.
700 ## - ADDED ENTRY--PERSONAL NAME
Personal name Chan, Li Jin
Relator term editor.
700 ## - ADDED ENTRY--PERSONAL NAME
Personal name Musa Mohd Nordin,
Titles and other words associated with a name Dato' Dr,
Relator term editor.
942 ## - ADDED ENTRY ELEMENTS (KOHA)
Source of classification or shelving scheme Library of Congress Classification
942 ## - ADDED ENTRY ELEMENTS (KOHA)
Koha item type Book
942 ## - ADDED ENTRY ELEMENTS (KOHA)
Call number prefix QW805
942 ## - ADDED ENTRY ELEMENTS (KOHA)
Call number suffix .I46 2015
Holdings
Withdrawn status Lost status Source of classification or shelving scheme Damaged status Not for loan Collection Home library Current library Shelving location Date acquired Total checkouts Full call number Barcode Date last seen Price effective from Koha item type
    Library of Congress Classification     Non-fiction Halal Development Corporation Library Halal Development Corporation Library Open Shelves 17/11/2020   QW805 .I46 2015 HDC0001628 24/05/2023 24/05/2023 Book
Halal Development Corporation Berhad (HDC)
5.02 Level 5, KPMG Tower, First Avenue, Persiaran Bandar Utama, 47800 Petaling Jaya, Selangor Darul Ehsan
Phone: +603 7965 5489 Email: [email protected]